Most Common Animals for Pets - Statistics

General Stats
  • This quiz has been taken 180 times
  • The average score is 11 of 20
Answer Stats
Rank Animal % Correct
2 Cats
96%
1 Dogs
96%
10 Fish
93%
6 Birds
88%
4 Hamsters
87%
13 Snakes
86%
7 Guinea Pigs
78%
3 Rabbits
78%
17 Horses
73%
5 Lizards
71%
15 Mice
61%
9 Turtles
52%
8 Ferrets
47%
18 Goats
45%
14 Chinchillas
23%
11 Hedgehogs
20%
16 Hermet Crabs
10%
19 Bearded Dragons
8%
20 Butterflies
4%
12 Sugar Gliders
1%
No matching quizzes found
Score Distribution
Percent of People with Each Score
Percentile by Number Answered
Your Score History
You have not taken this quiz